Guess The Artist By Letter (D) - Statistics

General Stats
  • This quiz has been taken 92 times
  • The average score is 9 of 19
Answer Stats
Hint Answer % Correct
Space Oddity David Bowie
84%
Jolene Dolly Parton
83%
Sultans of Swing Dire Straits
78%
Pour Some Sugar On Me Def Leppard
71%
Riders on the Storm The Doors
69%
Come On Eileen Dexy's Midnight Runners
63%
Layla Derek & The Dominos
59%
Personal Jesus Depeche Mode
58%
Hotline Bling Drake
56%
Whip It Devo
50%
Holy Diver DIO
43%
Listen to the Music The Doobie Brothers
36%
Mellow Yellow Donovan
34%
Runaround Sue Dion
26%
Rhythm of the Night DeBarge
24%
Under the Boardwalk The Drifters
23%
Wagon Wheel Darius Rucker
19%
Through the Fire and the Flames Dragonforce
18%
Soldier of Fortune Deep Purple
15%
No matching quizzes found
Score Distribution
Percent of People with Each Score
Percentile by Number Answered
Your Score History
You have not taken this quiz